000 00637nam a2200229Ia 4500
003 OSt
005 20220925214939.0
006 a|||||r|||| 00| 0
007 ta
008 220923b |||||||| |||| 00| 0 eng d
037 _cGeneral Book
040 _aRTL
_cRTL
_beng
041 _2eng
_aeng
082 _aX:86, K9
100 _aMarsh P.D.V.
_9267248
245 0 _aContracting for Engineering and construction proje
260 _aLondon
_bGower Press UK
_c1969
300 _a227p. Appendix p 213-22
_ccm.
650 _aTop Management
942 _hX:86, K9
_cGB
_2CC
999 _c567316
_d567316